000 00275nam a22001217a 4500
020 _a978-0-7515-3889-2
082 _a823
_bSPA/N
100 _aSPARKS NICHOLAS
245 _aNIGHTS IN RODANTHE
260 _aLONDON
_bWARNER BOOKS
650 _aENGLISH NOVEL
_zLONDON
942 _cBK
999 _c3301
_d3301